| 000 | 00328nam a22001217a 4500 | ||
|---|---|---|---|
| 008 | 171102b xxu||||| |||| 00| 0 eng d | ||
| 041 | _aeng | ||
| 080 | _a339.138 | ||
| 100 | _a60 | ||
| 101 | _aMAR | ||
| 245 |
_aEVERYTHING YOU NEED TOKNOW ABOUT SPORTS, ARTS, EVENT, ENTERTAINMENT AND CAUSE MARKETING _cUKMAN,L |
||
| 942 |
_2udc _cBK |
||
| 999 |
_c37270 _d37270 |
||